Economic survey, Haryana (Record no. 483240)

000 -LEADER
fixed length control field 00394cam a22001217a 4500
008 - FIXED-LENGTH DATA ELEMENTS--GENERAL INFORMATION
fixed length control field 180718b xxu||||| |||| 00| 0 eng d
082 ## - DEWEY DECIMAL CLASSIFICATION NUMBER
Classification number T19 Ec74/HARY
100 ## - MAIN ENTRY--PERSONAL NAME
Personal name Haryana. Economic and Statistical Organisation. Planning Department
245 ## - TITLE STATEMENT
Title Economic survey, Haryana
260 ## - PUBLICATION, DISTRIBUTION, ETC.
Place of publication, distribution, etc. Chandigarh
Name of publisher, distributor, etc. The author
Date of publication, distribution, etc.
500 ## - GENERAL NOTE
General note Library has 1990, 1992/93
650 ## - SUBJECT ADDED ENTRY--TOPICAL TERM
Topical term or geographic name entry element Economic surveys - India - Haryana
Holdings
Withdrawn status Lost status Damaged status Not for loan Permanent Location Current Location Date acquired Full call number Barcode Date last seen Price effective from Koha item type
        Indian Institute of Public Administration Indian Institute of Public Administration 2018-08-04 T19 Ec74/HARY GG22322 2018-08-04 2018-08-04 GG

Powered by Koha